[Event "Dublin Gonzaga Masters"]
[Site "Dublin"]
[Date "2024.01.27"]
[Round "3"]
[White "Turner, Matthew"]
[Black "Ivanov, Andrey A2"]
[Result "1-0"]
[WhiteElo "2448"]
[BlackElo "1889"]
[PlyCount "91"]
[EventDate "2024.01.26"]
[EventType "swiss"]
[EventRounds "5"]
[EventCountry "IRL"]
[SourceTitle "CB05_2024"]
[SourceDate "2024.01.31"]
[SourceVersion "1"]
[SourceVersionDate "2024.01.31"]
[SourceQuality "1"]

1. d4 Nf6 2. Nf3 g6 3. Nc3 d5 4. Bf4 Bg7 5. e3 0-0 6. Be2 c6 7. h4 h5 8. Ne5 Nbd7 9. Qd2 Nxe5 10. Bxe5 b5 11. f3 b4 12. Nd1 a5 13. Nf2 Nd7 14. Bxg7 Kxg7 15. g4 Nf6 16. e4 dxe4 17. gxh5 Nxh5 18. Nxe4 Bf5 19. 0-0-0 Qd5 20. b3 a4 21. Qxb4 Rfb8 22. Qc3 axb3 23. axb3 Nf4 24. Bc4 Bxe4 25. fxe4 Qxe4 26. d5+ Kh6 27. Rhe1 Nxd5 28. Bxd5 Qf4+ 29. Kb2 cxd5 30. Rxe7 Rc8 31. Qe3 Qxe3 32. Rxe3 Rc5 33. Red3 Rac8 34. R1d2 Rd8 35. b4 Rc4 36. Rd4 Rdc8 37. Rxc4 Rxc4 38. Kb3 Rxh4 39. Rxd5 f5 40. b5 Kg5 41. b6 Rh8 42. c4 Kg4 43. c5 f4 44. c6 f3 45. c7 f2 46. Rd1 1-0

[Event "Stafford Wood Green Blitz op"]
[Site "Stafford"]
[Date "2023.07.16"]
[Round "2.5"]
[White "Turner, Matthew"]
[Black "Ghasi, Ameet K"]
[Result "0-1"]
[WhiteElo "2429"]
[BlackElo "2555"]
[PlyCount "74"]
[EventDate "2023.07.16"]
[EventType "swiss"]
[EventRounds "9"]
[EventCountry "ENG"]
[SourceTitle "CBM 215 Extra"]
[Source "ChessBase"]
[SourceDate "2023.09.30"]
[SourceVersion "1"]
[SourceVersionDate "2023.09.30"]
[SourceQuality "1"]

1. e4 c5 2. c3 Nf6 3. e5 Nd5 4. g3 e6 5. Bg2 d6 6. exd6 Bxd6 7. Nf3 0-0 8. 0-0 Nc6 9. d4 a6 10. c4 Nf6 11. Nc3 cxd4 12. Nxd4 Nxd4 13. Qxd4 Qc7 14. Bg5 Be5 15. Qd3 Rd8 16. Qe2 h6 17. Be3 Bd7 18. Rac1 Bc6 19. b3 Bxg2 20. Kxg2 Bxc3 21. Rxc3 Qc6+ 22. Qf3 Ne4 23. Rc2 Rd3 24. Re1 f5 25. Kg1 Rad8 26. h4 Qc7 27. Qf4 Qa5 28. Rf1 g5 29. hxg5 hxg5 30. Qf3 Kg7 31. g4 Kg6 32. Kg2 Rh8 33. Rh1 Qd8 34. Rxh8 Qxh8 35. Re2 Rd1 36. gxf5+ exf5 37. Qh3 Rg1+ 0-1

[Event "Cambridge op"]
[Site "Cambridge"]
[Date "2023.02.17"]
[Round "5"]
[White "Southcott Moyers, Indy"]
[Black "Turner, Matthew"]
[Result "0-1"]
[WhiteElo "2077"]
[BlackElo "2455"]
[PlyCount "142"]
[EventDate "2023.02.15"]
[EventType "swiss"]
[EventRounds "9"]
[EventCountry "ENG"]
[SourceTitle "CBM 212 Extra"]
[Source "ChessBase"]
[SourceDate "2023.03.31"]
[SourceVersion "1"]
[SourceVersionDate "2023.03.31"]
[SourceQuality "1"]

1. d4 Nf6 2. c4 e6 3. Nf3 b6 4. g3 Ba6 5. b3 Bb4+ 6. Bd2 Be7 7. Nc3 0-0 8. e4 d5 9. cxd5 Bxf1 10. Kxf1 exd5 11. e5 Ne4 12. Qc2 Nxc3 13. Bxc3 Qd7 14. Kg2 Nc6 15. Rae1 Nd8 16. h4 Ne6 17. Qd2 c5 18. Rd1 Rfd8 19. Rhe1 Qb5 20. Qb2 Rac8 21. Ng1 a5 22. Ne2 c4 23. f4 g6 24. Ng1 cxb3 25. axb3 Ba3 26. Qc2 Rxc3 27. Qxc3 Bb4 28. Qe3 Bxe1 29. Rxe1 Rc8 30. f5 gxf5 31. Rf1 Rc2+ 32. Rf2 Rxf2+ 33. Kxf2 a4 34. bxa4 Qxa4 35. Ne2 b5 36. Nf4 Qc2+ 37. Kf1 Qb1+ 38. Kf2 Qb2+ 39. Kf1 Qxd4 40. Qxd4 Nxd4 41. Nxd5 Kg7 42. Nb4 Ne6 43. Kf2 f4 44. gxf4 Nxf4 45. Kg3 Ng6 46. Nc6 h5 47. Nd4 b4 48. e6 fxe6 49. Nxe6+ Kf7 50. Nd4 Kf6 51. Kh3 Ne7 52. Nb3 Ke5 53. Kg2 Nf5 54. Kh3 Kd5 55. Na5 Kd4 56. Nc6+ Kc3 57. Nxb4 Kxb4 58. Kg2 Nxh4+ 59. Kg3 Ng6 60. Kh3 Kc4 61. Kg3 Kd4 62. Kh3 Ke4 63. Kg3 Ke3 64. Kg2 Kf4 65. Kh3 Kf3 66. Kh2 Nf4 67. Kg1 Kg3 68. Kh1 h4 69. Kg1 h3 70. Kh1 Nd3 71. Kg1 h2+ 0-1

[Event "Cambridge op"]
[Site "Cambridge"]
[Date "2023.02.17"]
[Round "6"]
[White "Turner, Matthew"]
[Black "Dardha, Daniel"]
[Result "1/2-1/2"]
[WhiteElo "2455"]
[BlackElo "2612"]
[PlyCount "70"]
[EventDate "2023.02.15"]
[EventType "swiss"]
[EventRounds "9"]
[EventCountry "ENG"]
[SourceTitle "CBM 212 Extra"]
[Source "ChessBase"]
[SourceDate "2023.03.31"]
[SourceVersion "1"]
[SourceVersionDate "2023.03.31"]
[SourceQuality "1"]

1. d4 d6 2. Nc3 g6 3. e4 Bg7 4. Nf3 Nf6 5. Be2 0-0 6. 0-0 a6 7. a4 Nc6 8. h3 e5 9. dxe5 dxe5 10. Bg5 Be6 11. Qe1 Qc8 12. Bxf6 Bxf6 13. Nd5 Bxd5 14. exd5 Ne7 15. Bc4 Qf5 16. Bd3 Qf4 17. Be4 Bg7 18. g3 Qh6 19. h4 Qh5 20. Ng5 Qg4 21. Bg2 Rad8 22. Qd1 Qc4 23. b3 Qb4 24. c3 Qxc3 25. Rc1 Qa5 26. Ne4 Rxd5 27. Qe1 Qxe1 28. Rfxe1 c6 29. Nc5 Rd2 30. Nxb7 f5 31. Red1 Bh6 32. Rxd2 Bxd2 33. Rd1 Bb4 34. Nd8 Rf6 35. Bf1 Rd6 1/2-1/2

[Event "Hull 4NCL GM"]
[Site "Hull"]
[Date "2022.10.16"]
[Round "9"]
[White "Turner, Matthew"]
[Black "Wadsworth, Matthew J"]
[Result "1/2-1/2"]
[WhiteElo "2461"]
[BlackElo "2467"]
[PlyCount "56"]
[EventDate "2022.10.12"]
[EventType "tourn"]
[EventRounds "9"]
[EventCountry "ENG"]
[EventCategory "8"]
[SourceTitle "CBM 210 Extra"]
[Source "ChessBase"]
[SourceDate "2022.11.30"]
[SourceVersion "1"]
[SourceVersionDate "2022.11.30"]
[SourceQuality "1"]

1. d4 d5 2. Nf3 Nf6 3. c4 c6 4. cxd5 cxd5 5. Nc3 Nc6 6. Bf4 Bf5 7. e3 e6 8. Qb3 Bb4 9. Be2 0-0 10. 0-0 Nh5 11. Ne5 Nxf4 12. Nxc6 bxc6 13. Qxb4 Rb8 14. Qa3 Nxe2+ 15. Nxe2 Qb6 16. b3 Bd3 17. Rfe1 Rfc8 18. Rac1 a5 19. Rc5 a4 20. Nc1 Bb5 21. h3 axb3 22. axb3 Ra8 23. Qb2 Qa5 24. Qc3 Qxc3 25. Rxc3 Ra3 26. Nd3 Bxd3 27. Rxd3 Rb8 28. Rc1 Raxb3 1/2-1/2

[Event "Hull 4NCL GM"]
[Site "Hull"]
[Date "2022.10.16"]
[Round "8"]
[White "Willow, Jonah B"]
[Black "Turner, Matthew"]
[Result "1-0"]
[WhiteElo "2395"]
[BlackElo "2461"]
[PlyCount "77"]
[EventDate "2022.10.12"]
[EventType "tourn"]
[EventRounds "9"]
[EventCountry "ENG"]
[EventCategory "8"]
[SourceTitle "CBM 210 Extra"]
[Source "ChessBase"]
[SourceDate "2022.11.30"]
[SourceVersion "1"]
[SourceVersionDate "2022.11.30"]
[SourceQuality "1"]

1. e4 e5 2. Nf3 Nc6 3. Nc3 Nf6 4. a3 Be7 5. d4 exd4 6. Nxd4 d6 7. Bb5 Bd7 8. Nxc6 bxc6 9. Bd3 Ng4 10. Be2 Ne5 11. f4 Ng6 12. 0-0 0-0 13. Bd3 Bf6 14. Bd2 c5 15. Kh1 Bc6 16. Qh5 Re8 17. Rae1 Bd4 18. b3 Nf8 19. Nb5 g6 20. Qd1 Bg7 21. Ba5 Re7 22. f5 a6 23. f6 axb5 24. Bc3 Nd7 25. fxe7 Qxe7 26. Bxg7 Kxg7 27. Qe2 Rxa3 28. Bxb5 Bxb5 29. Qxb5 Ne5 30. Qe2 c4 31. Ra1 Rxa1 32. Rxa1 cxb3 33. cxb3 Qe6 34. b4 Qb3 35. b5 c6 36. bxc6 Qc3 37. Rd1 Qxc6 38. Qe3 f6 39. Qd4 1-0

[Event "POR-chT"]
[Site "Ovar"]
[Date "2022.07.18"]
[Round "4.1"]
[White "Turner, Matthew"]
[Black "Gorshtein, Ido"]
[Result "1/2-1/2"]
[WhiteElo "2469"]
[BlackElo "2476"]
[PlyCount "76"]
[EventDate "2022.07.16"]
[EventType "team-tourn"]
[EventRounds "9"]
[EventCountry "POR"]
[SourceTitle "CBM 209 Extra"]
[Source "ChessBase"]
[SourceDate "2022.09.30"]
[SourceVersion "1"]
[SourceVersionDate "2022.09.30"]
[SourceQuality "1"]
[WhiteTeam "Montemor o Velho"]
[BlackTeam "Sao Miguel"]
[WhiteTeamCountry "POR"]
[BlackTeamCountry "POR"]

1. Nf3 Nf6 2. g3 d5 3. Bg2 e6 4. 0-0 Be7 5. b3 0-0 6. Bb2 c5 7. e3 b6 8. c4 Bb7 9. Nc3 Nc6 10. cxd5 Nxd5 11. Nxd5 Qxd5 12. d4 Qf5 13. Ne5 Nxe5 14. Bxb7 Rad8 15. Qe2 cxd4 16. Bxd4 Bf6 17. Rad1 Nd7 18. b4 Bxd4 19. Rxd4 Ne5 20. Rfd1 Rxd4 21. Rxd4 Qf6 22. Be4 h6 23. Kg2 Qe7 24. Qb5 Qc7 25. f4 Ng4 26. Qe2 Nf6 27. Rc4 Qe7 28. Bf3 e5 29. Qc2 Re8 30. a3 exf4 31. exf4 Rd8 32. Rc8 Qd7 33. Rxd8+ Qxd8 34. Qc3 Qd7 35. h3 Qe6 36. g4 g6 37. Qd4 Qe7 38. a4 Kh7 1/2-1/2

[Event "POR-chT"]
[Site "Ovar"]
[Date "2022.07.17"]
[Round "3.1"]
[White "Alsina Leal, Daniel"]
[Black "Turner, Matthew"]
[Result "1-0"]
[WhiteElo "2525"]
[BlackElo "2469"]
[PlyCount "59"]
[EventDate "2022.07.16"]
[EventType "team-tourn"]
[EventRounds "9"]
[EventCountry "POR"]
[SourceTitle "CBM 209 Extra"]
[Source "ChessBase"]
[SourceDate "2022.09.30"]
[SourceVersion "1"]
[SourceVersionDate "2022.09.30"]
[SourceQuality "1"]
[WhiteTeam "Estrelas S Joao de Brito"]
[BlackTeam "Montemor o Velho"]
[WhiteTeamCountry "POR"]
[BlackTeamCountry "POR"]

1. e4 e5 2. Nf3 Nc6 3. Bc4 Bc5 4. c3 Nf6 5. d4 exd4 6. e5 d5 7. Bb5 Ne4 8. cxd4 Bb6 9. Nc3 0-0 10. Be3 Bg4 11. h3 Bh5 12. Qc2 Ba5 13. 0-0 Bxc3 14. bxc3 f5 15. Be2 Na5 16. Kh2 Nc4 17. Bxc4 dxc4 18. Ng1 c6 19. f3 Ng5 20. Bxg5 Qxg5 21. f4 Qe7 22. Ne2 Qa3 23. Ng3 Bf7 24. Qxf5 Qxc3 25. e6 Qxd4 26. Rad1 Qe3 27. Rfe1 Bxe6 28. Qxf8+ Rxf8 29. Rxe3 Bd5 30. Re7 1-0

[Event "Dublin Easter"]
[Site "Dublin"]
[Date "2022.04.17"]
[Round "6"]
[White "Turner, Matthew"]
[Black "O'Gorman, Tom"]
[Result "1-0"]
[WhiteElo "2476"]
[BlackElo "2357"]
[PlyCount "59"]
[EventDate "2022.04.14"]
[EventType "tourn"]
[EventRounds "9"]
[EventCountry "IRL"]
[EventCategory "6"]
[SourceTitle "CBM 207 Extra"]
[Source "ChessBase"]
[SourceDate "2022.05.31"]
[SourceVersion "1"]
[SourceVersionDate "2022.05.31"]
[SourceQuality "1"]

1. d4 Nf6 2. Nf3 g6 3. Bg5 Bg7 4. Nbd2 d5 5. e3 0-0 6. Bd3 Nbd7 7. 0-0 c5 8. c3 Re8 9. Re1 e5 10. e4 h6 11. Bxf6 Bxf6 12. exd5 exd4 13. Rxe8+ Qxe8 14. cxd4 cxd4 15. Qc2 Nf8 16. Re1 Qd8 17. Qb3 b6 18. Bc4 Bf5 19. h3 Rc8 20. g4 Bd7 21. Ne5 Be8 22. d6 Qxd6 23. Bxf7+ Kh8 24. Ndc4 Qb8 25. Qa3 Bxf7 26. Nxf7+ Kg7 27. Ncd6 Rc5 28. Ne8+ Kg8 29. Qb3 Qf4 30. Nxh6+ 1-0